| 000 | 00528nam a2200193Ia 4500 | ||
|---|---|---|---|
| 005 | 20260429112035.0 | ||
| 008 | 260429s9999||||xx |||||||||||||| ||und|| | ||
| 020 | _a9781647268701 | ||
| 041 | _aEnglish | ||
| 082 |
_a152.47 _bPAT |
||
| 100 | _aPatton, Cynthia | ||
| 245 | 0 |
_aHandbook of anger, aggression and violence / _cCynthia Patton |
|
| 260 |
_aNew York : _bClanrye International, _c2025. |
||
| 300 | _aix, 242 p.; hb | ||
| 650 | _a Aggression | ||
| 650 | _a Violence studies | ||
| 650 | _aPsychology | ||
| 942 | _cTB | ||
| 999 |
_c52039 _d52039 |
||